Born in Bolton - Statistics

General Stats
  • This quiz has been taken 38 times
    5 since last reset
  • The average score is 3 of 7
Answer Stats
Hint Answer % Correct
Former boxer who held the light-welterweight world championships between 2009 and 2012 1986 Amir Khan
60%
Singer and member of "The Wanted" until his death in 2022 1988 Tom Parker
60%
Former track cyclist who is the British athlete who holds the the record for the most Olympic gold medals 1988 Jason Kenny
40%
Inventor of the spinning mule and pioneer of the spinning industry 1753 Samuel Crompton
40%
Co-founder of the company, whic became Unilever 1851 William Lever
40%
Snowboarder and in the 2026 Winter Olympics he, alongside Charlotte Bankes, won Great Britain's first ever gold medal in a snow event 2001 Huw Nightingale
20%
Inventor of the first self-propelled naval torpedo 1823 Robert Whitehead
20%
No matching quizzes found
Score Distribution
Percent of People with Each Score
Percentile by Number Answered
Your Score History
You have not taken this quiz since the last reset